El capital monopolista: ensayo sobre el orden económico y social de Estados Unidos

Shranjeno v:
Bibliografske podrobnosti
Main Authors: Baran, Paul A (Author), Sweezy, Paul M (Author)
Format: Knjiga
Jezik:španščina
Izdano: Ciudad de México Siglo Veintiuno 1971
Izdaja:4a. ed
Serija:El mundo del hombre. Sociología y Política
Teme:
Oznake: Označite
Brez oznak, prvi označite!

MARC

LEADER 00000nam a2200000 a 4500
001 UCR8130
003 CL-VaPUC
008 980519e19710000MX |||||||||||||||||spa|d
082 0 4 |a 330.12  |b BAR  |2 21 
100 0 |a Baran, Paul A  |e author  |9 409829 
700 0 |a Sweezy, Paul M  |e author  |9 409830 
245 1 3 |a El capital monopolista: ensayo sobre el orden económico y social de Estados Unidos 
250 |a 4a. ed 
300 |a 311 p 
942 |c BK 
945 |d 19980519 00:00:00  |a lriquelm 
260 |a Ciudad de México  |b Siglo Veintiuno  |c 1971 
650 0 |a Capitalismo  |9 255255 
650 0 |a Política económica   |9 255029 
650 7 |a MONOPOLIO  |2 CL-VaPUC  |9 368825 
650 0 |a Sociedad  |9 307903 
650 0 |a Imperialismo  |9 258264 
651 0 |a Estados Unidos  |9 255178 
583 |a last modification  |c 19980519 00:00:00  |k Rodrigo Vera 
490 0 |a El mundo del hombre. Sociología y Política 
999 |c 269694  |d 269692 
952 |0 0  |1 0  |4 0  |6 330_120000000000000_BAR_1971  |7 0  |8 A  |9 303553  |a BIBENE  |b BIBENE  |d 2019-11-20  |i 1996304  |o 330.12 BAR 1971  |p 1996304  |r 2025-01-15  |w 2019-11-20  |y BK  |k ICO